000
00306nam a22001097a 4500
008
160504b xxu||||| |||| 00| 0 eng d
020
_a
9780880914185
041
_a
eng
080
_a
612.39
245
_a
Internationl dietetics nutrition terminology idnt reference munual:
_c
Pocket Guide For;
942
_2
udc
_c
BK
999
_c
1783
_d
1783